[Event "Aeroflot Open B 2017"]
[Site "Moscow RUS"]
[Date "2017.02.27"]
[Round "7.55"]
[White "Spichkin, Alexander"]
[Black "Levushkina, Elena"]
[Result "1-0"]
[BlackTitle "WGM"]
[WhiteElo "2143"]
[BlackElo "2306"]
[WhiteFideId "4144074"]
[BlackFideId "14200686"]
[EventDate "2017.02.21"]

1. b4 e5 2. Bb2 Bxb4 3. Bxe5 Nf6 4. Nf3 O-O 5. e3 d5 6. c4 Nc6 7. Bb2 Re8 8. a3
Bf8 9. d4 Bg4 10. Nbd2 Ne4 11. Be2 Na5 12. Nxe4 dxe4 13. Nd2 Bxe2 14. Qxe2 Qg5
15. O-O Rad8 16. f3 exf3 17. Rxf3 Nc6 18. Qf2 Rd7 19. Rf1 Nd8 20. e4 Qg6 21. Rg3
Qh6 22. d5 c6 23. Kh1 cxd5 24. cxd5 Rc7 25. Bf6 Kh8 26. Bg5 Qb6 27. Qf5 Qg6 28.
Qf3 Qa6 29. e5 Rxe5 30. Bxd8 Rd7 31. Bg5 Rexd5 32. Ne4 Rd3 33. Qf5 R3d5 34. Qf4
Rd4 35. Re1 Rd1 36. Re3 h6 37. Qf3 Rxe1+ 38. Rxe1 Qxa3 1-0

[Event "Aeroflot Open B 2017"]
[Site "Moscow RUS"]
[Date "2017.02.27"]
[Round "7.56"]
[White "Murzin, Volodar"]
[Black "Zherebtsova, Alexandra"]
[Result "1-0"]
[BlackTitle "WFM"]
[WhiteElo "2079"]
[BlackElo "2186"]
[WhiteFideId "44155573"]
[BlackFideId "24129518"]
[EventDate "2017.02.21"]

1. e4 e5 2. Nf3 Nc6 3. Bb5 a6 4. Ba4 Nf6 5. O-O Be7 6. Re1 b5 7. Bb3 d6 8. c3
O-O 9. h3 Na5 10. Bc2 c5 11. d4 Nd7 12. Nbd2 exd4 13. cxd4 Nc6 14. d5 Nce5 15.
Nxe5 Nxe5 16. a4 Bb7 17. f4 Ng6 18. Nf3 Bf6 19. axb5 axb5 20. Rxa8 Bxa8 21. g3
Bb7 22. h4 Re8 23. h5 Nf8 24. e5 Be7 25. Be4 dxe5 26. fxe5 f5 27. exf6 Bxf6 28.
h6 Ng6 29. hxg7 Bxg7 30. Kg2 Bf6 31. Qc2 c4 32. Rd1 Nf8 33. Bh6 Qe7 34. Re1 Qf7
35. Bxf8 Rxf8 36. Rh1 h5 37. d6 Bxe4 38. Qxe4 Bxb2 39. d7 Bf6 40. Qf5 c3 41. Ng5
Qa2+ 42. Kh3 Rf7 43. Rd1 1-0

[Event "Aeroflot Open B 2017"]
[Site "Moscow RUS"]
[Date "2017.02.27"]
[Round "7.57"]
[White "Maltsevskaya, Aleksandra"]
[Black "Assaubayeva, Bibisara"]
[Result "1/2-1/2"]
[BlackTitle "WFM"]
[WhiteElo "2259"]
[BlackElo "2177"]
[WhiteFideId "24174041"]
[BlackFideId "13708694"]
[EventDate "2017.02.21"]

1. e4 e5 2. Nf3 Nc6 3. Bb5 a6 4. Ba4 Nf6 5. O-O b5 6. Bb3 Bb7 7. d3 Bc5 8. a4 d6
9. Nc3 Na5 10. Ba2 b4 11. Ne2 b3 12. cxb3 Nc6 13. b4 Nxb4 14. Bb3 a5 15. Ng3 O-O
16. Bg5 h6 17. Bh4 g6 18. Rc1 Bb6 19. Qd2 Kh7 20. Bc4 Ba6 21. Bxa6 Nxa6 22. d4
Bxd4 23. Nxd4 exd4 24. Rfe1 Re8 25. Qf4 g5 26. Bxg5 hxg5 27. Qxg5 Ng8 28. Qf5+
Kg7 29. Nh5+ Kf8 30. e5 Rxe5 31. Rxe5 dxe5 32. Qxe5 f6 33. Qg3 Qe7 34. Nf4 Qe4
35. Ng6+ Kf7 36. Nh8+ Kf8 37. Ng6+ Kf7 38. Nh8+ Kf8 39. Ng6+ 1/2-1/2

[Event "Aeroflot Open B 2017"]
[Site "Moscow RUS"]
[Date "2017.02.27"]
[Round "7.58"]
[White "Makoveev, Ilya"]
[Black "Sabirov, Temirjan"]
[Result "1/2-1/2"]
[WhiteElo "2202"]
[BlackElo "2340"]
[WhiteFideId "34155748"]
[BlackFideId "24180785"]
[EventDate "2017.02.21"]

1. e4 c5 2. Nf3 Nc6 3. d4 cxd4 4. Nxd4 Nf6 5. Nc3 g6 6. Be3 Bg7 7. Bc4 O-O 8. f3
d6 9. Qd2 Bd7 10. Bb3 a6 11. g4 b5 12. h4 Ne5 13. h5 Nc4 14. Bxc4 bxc4 15. hxg6
fxg6 16. Bh6 Rf7 17. Bxg7 Rxg7 18. Rd1 Qb6 19. Nde2 Rf8 20. Qd4 Qxb2 21. Qxc4+
Rgf7 22. e5 dxe5 23. g5 Bb5 24. Nxb5 axb5 25. Qe6 Nh5 26. c3 Ng7 27. Qd5 e6 28.
Qxe5 Rxf3 29. Rd7 R3f7 30. Rxf7 Rxf7 31. Rh4 Qb1+ 32. Kd2 Qxa2+ 33. Ke1 Qb1+ 34.
Kd2 Qf5 35. Qg3 e5 36. Rb4 Rd7+ 37. Ke1 Nh5 38. Qg2 Nf4 39. Qa8+ Kg7 40. Nxf4
exf4 41. Qe8 f3 42. Rb2 Rf7 43. Qe3 f2+ 44. Kf1 Kf8 45. Qg3 Kg7 46. Qe3 h6 47.
gxh6+ Kh7 48. Qg3 Kxh6 49. Qh4+ Qh5 50. Qxh5+ gxh5 51. Rxb5 Rf3 52. Rb2 h4 53.
Rxf2 Rxc3 54. Kg2 Kg5 55. Ra2 1/2-1/2

[Event "Aeroflot Open B 2017"]
[Site "Moscow RUS"]
[Date "2017.02.28"]
[Round "8.1"]
[White "Kozionov, Kirill"]
[Black "Lugovskoy, Maxim"]
[Result "1/2-1/2"]
[WhiteTitle "IM"]
[BlackTitle "IM"]
[WhiteElo "2439"]
[BlackElo "2447"]
[WhiteFideId "24101729"]
[BlackFideId "24126454"]
[EventDate "2017.02.21"]

1. e4 e6 2. d4 d5 3. Nc3 Nf6 4. e5 Nfd7 5. Nce2 c5 6. c3 Nc6 7. f4 Qb6 8. Nf3
Be7 9. a3 f6 10. h4 cxd4 11. cxd4 Na5 12. b4 Nc4 13. Nc3 a5 14. b5 Qc7 15. Na4 1/2-1/2

[Event "Aeroflot Open B 2017"]
[Site "Moscow RUS"]
[Date "2017.02.28"]
[Round "8.3"]
[White "Diermair, Andreas"]
[Black "Sivuk, Vitaly"]
[Result "1/2-1/2"]
[WhiteTitle "IM"]
[BlackTitle "GM"]
[WhiteElo "2465"]
[BlackElo "2520"]
[WhiteFideId "1612468"]
[BlackFideId "14116502"]
[EventDate "2017.02.21"]

1. d4 Nf6 2. c4 e6 3. Nc3 Bb4 4. e3 O-O 5. Bd3 d5 6. Nf3 dxc4 7. Bxc4 c5 8. O-O
Nbd7 9. a3 Ba5 10. Qe2 a6 11. Bd3 Qe7 12. Ne4 Nxe4 13. Bxe4 Nf6 14. Bd3 cxd4 15.
Nxd4 e5 16. Nf5 Bxf5 17. Bxf5 e4 18. b4 Bc7 19. Bb2 Be5 20. Rac1 a5 21. Rc5 Bxb2
22. Qxb2 axb4 23. axb4 g6 24. Bh3 Rfd8 25. g3 b6 26. Rc4 Rd5 27. Rfc1 Qe5 28.
Qxe5 1/2-1/2

[Event "Aeroflot Open B 2017"]
[Site "Moscow RUS"]
[Date "2017.02.28"]
[Round "8.5"]
[White "Hakobyan, Aram"]
[Black "Levin, Evgeny A."]
[Result "1/2-1/2"]
[WhiteTitle "FM"]
[BlackTitle "GM"]
[WhiteElo "2438"]
[BlackElo "2506"]
[WhiteFideId "13306677"]
[BlackFideId "4182596"]
[EventDate "2017.02.21"]

1. g3 g6 2. Nf3 Bg7 3. Bg2 Nf6 4. O-O O-O 5. d4 d5 6. c4 c6 7. Nbd2 Bf5 8. b3 a5
9. a3 Nbd7 10. Bb2 Ne4 11. Rc1 Nxd2 12. Nxd2 Nf6 13. e3 Qd7 14. Re1 Rfc8 15. Nf3
Bg4 16. Qd3 Bxf3 17. Bxf3 e6 18. a4 Qd8 19. Rcd1 Rc7 20. Bc3 Rd7 21. Bg2 Qb6 22.
Qc2 Qd8 23. Rd2 Ne8 24. Bb2 Nc7 25. Rdd1 Na6 26. Bc3 Bf8 27. Rf1 Bb4 28. Bb2 Bf8
29. Bc3 Bb4 30. Ba1 Bf8 31. e4 dxe4 32. d5 cxd5 33. cxd5 exd5 34. Qb2 d4 35.
Rxd4 Rxd4 36. Qxd4 Qxd4 37. Bxd4 Re8 38. Re1 Bc5 39. Bc3 e3 40. Kf1 b6 41. Bd2
Kf8 42. Bxe3 Bxe3 43. fxe3 Nb4 44. Re2 Rc8 45. Rb2 Ke7 46. Ke2 Rc5 47. Be4 Rc3
48. Kd2 Rc7 49. Ke2 Rd7 50. h4 h6 51. Bf3 Rc7 52. Be4 Rc1 53. Rb1 Rc3 54. Kd2
Rc5 55. Rf1 Ke6 56. Rf4 Re5 57. Bf3 Rc5 58. Be2 f6 59. Bc4+ Ke7 60. Ke2 1/2-1/2

[Event "Aeroflot Open B 2017"]
[Site "Moscow RUS"]
[Date "2017.02.28"]
[Round "8.7"]
[White "Tran, Minh Thang"]
[Black "Hayrapetyan, Hovik"]
[Result "1/2-1/2"]
[WhiteTitle "FM"]
[BlackTitle "GM"]
[WhiteElo "2420"]
[BlackElo "2514"]
[WhiteFideId "12401080"]
[BlackFideId "13302639"]
[EventDate "2017.02.21"]

1. d4 Nf6 2. c4 e6 3. Nc3 Bb4 4. e3 O-O 5. Ne2 d5 6. a3 Bd6 7. c5 Be7 8. Ng3 c6
9. Be2 Nfd7 10. O-O e5 11. Nf5 Nf6 12. Nxe7+ Qxe7 13. b4 e4 14. a4 Ne8 15. Qb3
f5 16. b5 Kh8 17. Ba3 Qf7 18. a5 a6 19. Na4 Be6 20. Nb6 Ra7 21. bxc6 bxc6 22.
Ra2 Nc7 23. f3 exf3 24. Rxf3 Nb5 25. Bb4 Nd7 26. Nxd7 Qxd7 27. Bd3 Rb7 28. Raf2
g6 29. Qc2 Qg7 30. Be1 Rbf7 31. Rf1 f4 32. Bxb5 cxb5 33. Qd2 fxe3 34. Qxe3 Rxf3
35. gxf3 Bh3 36. Bg3 Kg8 37. Rc1 Qf6 38. c6 Qxf3 39. Qxf3 Rxf3 40. c7 Rf8 41.
Bd6 Re8 42. Rc6 Bc8 43. Be5 Kf7 44. Rd6 b4 45. Rb6 Ke7 46. Rxb4 Kd7 47. Kg2 Re6
48. Rb3 g5 49. Kg3 h6 50. Kg4 Rc6 51. Kh5 Re6 52. Rf3 Ke7 53. Rc3 Kd7 54. Rc5
Bb7 55. Kg4 Re7 56. Kf5 Kc8 57. Kg6 Re6+ 58. Kf5 Rc6 59. Rxd5 Rxc7 60. Rd6 Rc6 1/2-1/2

[Event "Aeroflot Open B 2017"]
[Site "Moscow RUS"]
[Date "2017.02.28"]
[Round "8.8"]
[White "Moiseenko, Vadim"]
[Black "Oganian, Miran"]
[Result "1-0"]
[WhiteTitle "IM"]
[BlackTitle "IM"]
[WhiteElo "2508"]
[BlackElo "2452"]
[WhiteFideId "4123700"]
[BlackFideId "4122488"]
[EventDate "2017.02.21"]

1. c4 Nf6 2. Nc3 e6 3. e4 d5 4. e5 d4 5. exf6 dxc3 6. bxc3 Qxf6 7. d4 e5 8. Nf3
Nc6 9. Be2 exd4 10. Bg5 Qg6 11. cxd4 Bb4+ 12. Bd2 Bxd2+ 13. Qxd2 O-O 14. d5 Qf6
15. O-O Ne5 16. Rac1 Ng6 17. Qd4 Nf4 18. Rfe1 Qxd4 19. Nxd4 Bd7 20. Rb1 b6 21.
Bf3 Rad8 22. Re3 Rfe8 23. Ra3 a5 24. h4 Ng6 25. g3 Ne7 26. d6 Bc8 27. Nb5 cxd6
28. Nc7 Rf8 29. Rxb6 Be6 30. Nxe6 fxe6 31. Bg4 Nf5 32. Rxa5 Ra8 33. Rba6 Rxa6
34. Rxa6 Rc8 35. Be2 Kf7 36. Bd3 Ke7 37. Kg2 Nd4 38. Ra7+ Kf6 39. g4 h6 40. f4
g5 41. fxg5+ hxg5 42. h5 Nc6 43. Rd7 Ne5 44. Rxd6 Nxg4 45. Be2 Ne5 46. Rd4 Ra8
47. Rd2 Ra3 48. Rc2 Nc6 49. Bg4 Nd4 50. Rd2 e5 51. Rb2 e4 52. h6 Kg6 53. Rd2 Nf5
54. Bxf5+ Kxf5 55. h7 Ra8 56. c5 e3 57. Rd7 Rxa2+ 58. Kf3 Rh2 59. Kxe3 g4 60. c6
Ke6 61. Ke4 1-0

[Event "Aeroflot Open B 2017"]
[Site "Moscow RUS"]
[Date "2017.02.28"]
[Round "8.9"]
[White "Lavrik, Dmitry"]
[Black "Triapishko, Alexandr"]
[Result "1/2-1/2"]
[WhiteTitle "IM"]
[WhiteElo "2414"]
[BlackElo "2500"]
[WhiteFideId "24113190"]
[BlackFideId "14122286"]
[EventDate "2017.02.21"]

1. d4 Nf6 2. c4 g6 3. Nc3 d5 4. cxd5 Nxd5 5. e4 Nxc3 6. bxc3 Bg7 7. Be3 c5 8.
Qd2 cxd4 9. cxd4 Nc6 10. Rd1 O-O 11. Be2 Qa5 12. Nf3 Nb4 13. O-O Qxa2 14. Qxb4
Qxe2 15. Qxe7 Qb5 16. Rb1 Qd7 17. Qh4 a5 18. e5 f6 19. h3 a4 20. Rb6 Ra6 21.
Rxa6 bxa6 22. Bc1 g5 23. Qg3 h6 24. Ba3 Re8 25. exf6 Bxf6 26. Rc1 Qf5 27. Qc7
Be6 28. Rc5 Qb1+ 29. Rc1 Qf5 30. Rc5 Qb1+ 31. Kh2 Qe4 32. Qb6 Bd8 33. Qxa6 Bc7+
34. Rxc7 Qf4+ 35. Kg1 Qxc7 36. d5 Qc3 37. Qxa4 Bf7 38. d6 Rb8 39. Kh2 Rb3 40.
Qa8+ Kg7 41. d7 Qc7+ 42. g3 Qxd7 43. Bc5 Qe8 44. Qa1+ Kg8 45. Ne5 Be6 46. Qa6
Rc3 47. Qd6 Rxc5 48. Qxc5 Qf8 49. Qe3 Qf6 50. Nf3 Kg7 51. Nd4 Bd5 52. g4 Be4 53.
Kg1 Bg6 54. Ne2 Qa1+ 55. Kh2 Qf6 56. f4 gxf4 57. Nxf4 Bf7 58. Kg3 h5 59. Ng2
hxg4 60. hxg4 Qd6+ 61. Nf4 Qf6 62. Qc5 Kh6 63. Nh3 Kg6 64. g5 Qa1 65. Qd6+ Kg7
66. Nf4 Qe1+ 67. Kg4 Qg1+ 68. Kf5 Qb1+ 69. Kg4 1/2-1/2

[Event "Aeroflot Open B 2017"]
[Site "Moscow RUS"]
[Date "2017.02.28"]
[Round "8.10"]
[White "Gavrilov, Alexei1"]
[Black "Zakhartsov, Vladimir"]
[Result "1/2-1/2"]
[WhiteTitle "GM"]
[BlackTitle "IM"]
[WhiteElo "2495"]
[BlackElo "2453"]
[WhiteFideId "4104358"]
[BlackFideId "4145097"]
[EventDate "2017.02.21"]

1. d4 Nf6 2. c4 e6 3. Nf3 b6 4. g3 Ba6 5. b3 Bb4+ 6. Bd2 Be7 7. Nc3 O-O 8. Bg2
c6 9. e4 d5 10. exd5 cxd5 11. Ne5 Nbd7 12. Nc6 Qe8 13. Nxe7+ Qxe7 14. Qe2 Qd6
15. O-O Rac8 16. Nb5 Bxb5 17. cxb5 Qa3 18. Qe1 Rfe8 19. Bb4 Qb2 20. Qe3 e5 21.
dxe5 Nxe5 22. Rfb1 Qc2 23. Rc1 Qf5 24. Rxc8 Rxc8 25. Bd6 Re8 26. Qf4 Qh5 27. h3
Qe2 28. a4 Nd3 29. Qf3 Qb2 30. Rf1 Ne1 31. Qd1 Nxg2 32. Kxg2 Re2 33. g4 Ne4 34.
Bg3 Nxg3 35. Qxd5 g6 36. Kxg3 Rd2 37. Qc4 Rd4 38. Rb1 Qd2 39. Qc8+ Rd8 40. Qc1
Qe2 41. Qe1 Rd3+ 42. Kh2 Qf3 43. Qe8+ Kg7 44. Qe5+ Kh6 45. Kg1 f6 46. Qc7 Qe4
47. Qc1+ g5 48. Qc6 Qxc6 49. bxc6 Rc3 50. Rd1 Rxc6 51. Rd7 a5 52. Rb7 Kg6 53.
Kg2 h6 54. Kf1 f5 55. Ke2 Kf6 56. Kd3 Ke5 57. Re7+ Kf6 58. Re8 Kf7 59. Re5 fxg4
60. hxg4 Rf6 61. Rb5 Ke7 62. Ke4 Rxf2 63. Rxb6 Rf4+ 64. Ke5 Rxg4 65. Rxh6 Rb4
66. Rh7+ Kd8 67. Kd6 Rb6+ 68. Kc5 Rxb3 69. Rg7 Rg3 70. Kb5 Ke8 71. Kxa5 Kf8 72.
Rb7 Rf3 73. Rb4 Ke7 74. Kb6 Rf4 75. Rb5 Rxa4 1/2-1/2

[Event "Aeroflot Open B 2017"]
[Site "Moscow RUS"]
[Date "2017.02.28"]
[Round "8.11"]
[White "Salman, Pavel"]
[Black "Matinian, Nikita"]
[Result "1/2-1/2"]
[WhiteTitle "FM"]
[BlackTitle "IM"]
[WhiteElo "2197"]
[BlackElo "2494"]
[WhiteFideId "24153753"]
[BlackFideId "24129100"]
[EventDate "2017.02.21"]

1. d4 g6 2. c4 Bg7 3. Nc3 d6 4. e4 e5 5. Nf3 Bg4 6. dxe5 Bxf3 7. gxf3 Bxe5 8. f4
Bxc3+ 9. bxc3 Qe7 10. Bg2 Nd7 11. O-O Nc5 12. Qd4 f6 13. Ba3 Nh6 14. e5 O-O 15.
Rae1 Qd8 16. Bxc5 dxc5 17. Qxd8 Raxd8 18. Bxb7 fxe5 19. Bd5+ Kg7 20. fxe5 Nf5
21. Rb1 Rb8 22. Rb3 Rfe8 23. f4 Rxb3 24. axb3 g5 25. e6 Ne3 26. Rf3 gxf4 27.
Rxf4 c6 28. Bxc6 Rxe6 29. Bd5 Rf6 30. Rf3 Rxf3 31. Bxf3 a5 32. Kf2 Nf5 33. Ke2
h6 34. Kd3 Nd6 35. Kc2 Kf6 36. Kb2 Ke5 37. Ka3 Kf4 38. Bd5 Ke3 39. b4 axb4+ 40.
cxb4 cxb4+ 41. Kxb4 Kd4 1/2-1/2

[Event "Aeroflot Open B 2017"]
[Site "Moscow RUS"]
[Date "2017.02.28"]
[Round "8.12"]
[White "Potapov, Pavel"]
[Black "Kostenko, Petr"]
[Result "1/2-1/2"]
[WhiteTitle "GM"]
[BlackTitle "GM"]
[WhiteElo "2493"]
[BlackElo "2441"]
[WhiteFideId "4169786"]
[BlackFideId "13700669"]
[EventDate "2017.02.21"]

1. e4 e6 2. d4 d5 3. Nd2 c5 4. exd5 Qxd5 5. Ngf3 cxd4 6. Bc4 Qd7 7. O-O Nc6 8.
Nb3 Nf6 9. Nbxd4 Nxd4 10. Qxd4 Qxd4 11. Nxd4 Bd7 12. Bf4 Rc8 13. Bb3 Bc5 14.
Rad1 O-O 15. c3 b5 16. Be5 a5 17. a3 Rfd8 18. h3 Ne4 19. Ba2 Be7 20. Nb3 a4 21.
Nd4 Nd6 22. Bxd6 Bxd6 23. Rfe1 Bf8 24. Rd3 Be8 25. Red1 Rb8 26. Nf3 Be7 27. Ne5
Rxd3 28. Rxd3 g6 29. Kf1 Kg7 30. Ke2 Rb7 31. f4 h6 32. g3 g5 33. Re3 Rc7 34. Ke1
Bd6 35. Rd3 Be7 36. Re3 Kf8 37. Rf3 Bd6 38. Rd3 Ke7 39. Re3 Bc5 40. Re2 Bd6 41.
Re3 Rc5 42. Ke2 Rc8 43. Ke1 Rd8 44. Ke2 Bc5 45. Re4 Ba7 46. Ke1 Kf8 47. Re2 Kg7
48. Bb1 Rd6 49. Nf3 Bc6 50. Be4 Bxe4 51. Rxe4 Rd5 52. fxg5 hxg5 53. g4 Kf6 54.
Ke2 Rd8 55. Re5 Rh8 56. Rxg5 Rxh3 57. Rxb5 Rg3 58. g5+ Kg7 59. c4 Rg2+ 60. Kd3
Rg3 1/2-1/2

[Event "Aeroflot Open B 2017"]
[Site "Moscow RUS"]
[Date "2017.02.28"]
[Round "8.13"]
[White "Elistratov, Semen"]
[Black "Atabayev, Maksat"]
[Result "1/2-1/2"]
[WhiteTitle "FM"]
[BlackTitle "GM"]
[WhiteElo "2407"]
[BlackElo "2492"]
[WhiteFideId "24134325"]
[BlackFideId "14001101"]
[EventDate "2017.02.21"]

1. Nf3 c5 2. g3 Nc6 3. Bg2 g6 4. c4 Bg7 5. Nc3 d6 6. d3 Nh6 7. e4 O-O 8. O-O f5
9. Ng5 Kh8 10. Ne2 fxe4 11. dxe4 Nf7 12. Nxf7+ Rxf7 13. Rb1 Nd4 14. Nxd4 Bxd4
15. b3 Rb8 16. Bb2 e5 17. Bxd4 cxd4 18. Rc1 Qe7 19. f4 Be6 20. Rc2 Rbf8 21. Rcf2
Qd7 22. Qd2 b6 23. h4 Bg4 24. fxe5 dxe5 25. Qg5 Rxf2 26. Qxe5+ Kg8 27. Rxf2 Rxf2
28. Kxf2 d3 29. Qb8+ Kg7 30. Qe5+ Kg8 31. Qb8+ 1/2-1/2

[Event "Aeroflot Open B 2017"]
[Site "Moscow RUS"]
[Date "2017.02.28"]
[Round "8.14"]
[White "Evdokimov, Alexander A."]
[Black "Nihal, Sarin"]
[Result "1/2-1/2"]
[WhiteTitle "GM"]
[BlackTitle "FM"]
[WhiteElo "2492"]
[BlackElo "2386"]
[WhiteFideId "4139275"]
[BlackFideId "25092340"]
[EventDate "2017.02.21"]

1. d4 Nf6 2. Bf4 e6 3. Nf3 b6 4. e3 Bb7 5. Nbd2 Nh5 6. Bg5 Be7 7. Bxe7 Qxe7 8.
Bd3 f5 9. c3 O-O 10. Qc2 c5 11. g4 Nf6 12. Rg1 cxd4 13. exd4 Nc6 14. g5 Nd5 15.
Bc4 Nf4 16. O-O-O Rac8 17. Kb1 a6 18. Rge1 b5 19. Bf1 Nb4 20. Qb3 Nbd3 21. Bxd3
Nxd3 22. Re2 Nf4 23. Re3 Bd5 24. Qc2 Rc7 25. h4 Ng2 26. Re2 d6 27. Rg1 Nf4 28.
Re3 Rfc8 29. Rc1 Ng2 30. Re2 a5 31. Qd1 b4 32. c4 Nf4 33. Re3 Bxc4 34. Nxc4 Rxc4
35. Rxc4 Rxc4 36. Qa4 Qd8 37. a3 g6 38. Qb5 Qc7 39. Ka2 Rc2 40. axb4 axb4 41.
Ne1 Qc4+ 42. Qxc4 Rxc4 43. Nd3 Nd5 44. Rxe6 Rxd4 45. Ne1 Kf7 46. Re2 Rxh4 47.
Rd2 Ke6 48. Nf3 Re4 49. Nd4+ Kd7 50. Kb3 Nc7 51. Kxb4 Ne6 52. Kc3 Nxg5 53. b4
Ne6 54. Nb5 d5 55. Kb3 d4 56. Nc3 Re5 57. Kc4 h5 58. Nb5 Re4 59. Nc3 Re5 60. Nb5
Kc6 61. Nxd4+ Nxd4 62. Rxd4 Re7 63. b5+ Kb7 64. Rd6 Rg7 65. Kd5 g5 66. Ke5 f4
67. Rh6 h4 68. Kf6 Rg8 69. Kf5 g4 70. Kxf4 g3 71. fxg3 hxg3 72. Rh1 g2 73. Rg1
Kb6 74. Kf3 Kxb5 75. Rxg2 Rxg2 76. Kxg2 1/2-1/2

[Event "Aeroflot Open B 2017"]
[Site "Moscow RUS"]
[Date "2017.02.28"]
[Round "8.15"]
[White "Gasanov, Eldar"]
[Black "Ofitserian, Boris"]
[Result "1-0"]
[WhiteTitle "GM"]
[BlackTitle "FM"]
[WhiteElo "2479"]
[BlackElo "2365"]
[WhiteFideId "14104466"]
[BlackFideId "24199443"]
[EventDate "2017.02.21"]

1. d4 Nf6 2. c4 g6 3. Bg5 d5 4. Bxf6 exf6 5. cxd5 Qxd5 6. Nc3 Qd6 7. Nf3 Bg7 8.
g3 O-O 9. Bg2 f5 10. e3 c6 11. O-O Be6 12. Qc2 Nd7 13. Rfd1 h6 14. Ne1 Rac8 15.
Nd3 Bc4 16. Nf4 Ba6 17. a3 h5 18. b4 Nb6 19. e4 fxe4 20. Nxe4 Qe7 21. Re1 Rfe8
22. Rad1 Rcd8 23. Qc1 Bxd4 24. Nc5 Qf6 25. Rxe8+ Rxe8 26. Nxa6 bxa6 27. Qxc6 Rc8
28. Qe4 Rd8 29. Bf3 Rd6 30. Re1 Bc3 31. Re2 Rd8 32. h4 Bb2 33. a4 Nxa4 34. Qc2
Qc3 35. Bc6 Nb6 36. Nxg6 fxg6 37. Qxg6+ Qg7 38. Qxh5 Bd4 39. Kg2 Rf8 40. Bf3 Qf6
41. Re4 Qxf3+ 42. Qxf3 Rxf3 43. Kxf3 Bc3 44. Re7 Bxb4 45. Rxa7 a5 46. g4 a4 47.
g5 a3 48. h5 Nc4 49. g6 Bd2 50. Ke4 Nd6+ 51. Kd3 Bc1 52. Kc2 Bh6 53. Rxa3 Ne4
54. f3 Ng3 55. Ra8+ Kg7 56. Ra5 Bf4 57. Ra7+ Kg8 58. Rf7 Bh6 59. Rh7 1-0

[Event "Aeroflot Open B 2017"]
[Site "Moscow RUS"]
[Date "2017.02.28"]
[Round "8.16"]
[White "Makhmutov, Rail"]
[Black "Kotanjian, Tigran"]
[Result "0-1"]
[WhiteTitle "FM"]
[BlackTitle "GM"]
[WhiteElo "2437"]
[BlackElo "2464"]
[WhiteFideId "4122151"]
[BlackFideId "13301250"]
[EventDate "2017.02.21"]

1. e4 c5 2. Nf3 e6 3. g3 Nc6 4. Bg2 d6 5. O-O Nf6 6. Qe2 Be7 7. c3 O-O 8. d4
cxd4 9. cxd4 d5 10. e5 Ne4 11. Rd1 Qb6 12. Be3 Bd7 13. Ne1 f5 14. f3 Ng5 15. Nc3
Rfc8 16. Rac1 a5 17. f4 Ne4 18. Nxe4 fxe4 19. Bxe4 dxe4 20. d5 Qa6 21. Qxa6 bxa6
22. dxc6 Bxc6 23. Nc2 Bd5 24. Nd4 Bxa2 25. Rxc8+ Rxc8 26. Ra1 Bc4 27. Rxa5 Kf7
28. f5 exf5 29. Nxf5 Bb5 30. Nxe7 Kxe7 31. Ra3 Ke6 32. Bd4 Rc1+ 33. Kf2 Kd5 34.
Ba7 Kxe5 35. b4 Rc2+ 36. Kg1 Kd5 37. g4 Rb2 38. Bc5 Ke5 39. Rg3 Be2 40. Rg2 Rb1+
41. Kf2 Bf3 42. Rg1 Rb2+ 43. Kg3 Rb3 44. Kf2 g6 45. g5 Rb2+ 46. Kg3 Kf5 47. Be3
Rb3 48. Re1 Ke5 49. Kf2 Rxb4 50. Rc1 Rb2+ 51. Kg3 Rg2+ 52. Kh3 Re2 53. Rc5+ Kd6
54. Rc3 Ra2 55. Kg3 a5 56. h4 a4 57. Kh3 Be2 58. Kg3 Bf1 59. Kg4 Bd3 60. Kg3 Rc2 0-1

[Event "Aeroflot Open B 2017"]
[Site "Moscow RUS"]
[Date "2017.02.28"]
[Round "8.17"]
[White "Kjartansson, Gudmundur"]
[Black "Abdumalik, Zhansaya"]
[Result "1/2-1/2"]
[WhiteTitle "IM"]
[BlackTitle "WGM"]
[WhiteElo "2464"]
[BlackElo "2430"]
[WhiteFideId "2301318"]
[BlackFideId "13703544"]
[EventDate "2017.02.21"]

1. Nf3 Nf6 2. c4 c5 3. Nc3 d5 4. cxd5 Nxd5 5. g3 g6 6. Bg2 Bg7 7. O-O Nc6 8.
Nxd5 Qxd5 9. d3 O-O 10. Be3 Bd7 11. d4 cxd4 12. Nxd4 Qd6 13. Nxc6 Bxc6 14. Qxd6
exd6 15. Rad1 Rfd8 16. Rd2 a5 17. Rfd1 Bxg2 18. Kxg2 Bf8 19. Rd5 a4 20. Rb5 Rd7
21. Bc5 Rc8 22. Ba3 Rc4 23. Kf3 f5 24. Rb4 Rxb4 25. Bxb4 Rc7 26. Rd5 b6 27. Rb5
Rc6 28. Ba3 Kf7 29. h4 Ke6 30. Rb4 d5 31. Rxa4 b5 32. Ra8 b4 33. Rxf8 bxa3 34.
Rb8 axb2 35. Rxb2 Ra6 36. e3 h6 37. Ke2 g5 38. hxg5 hxg5 39. Kd3 Ke5 40. Kc3
Rc6+ 41. Kd3 Ra6 42. Kc3 Rc6+ 43. Kd2 Ra6 44. Kd3 Ra3+ 45. Kd2 Ra6 46. f4+ gxf4
47. gxf4+ Kd6 48. Kc1 Ra3 49. Re2 Kc5 50. Kb2 Rd3 51. Re1 Kb4 52. Kc2 Kc4 1/2-1/2

[Event "Aeroflot Open B 2017"]
[Site "Moscow RUS"]
[Date "2017.02.28"]
[Round "8.18"]
[White "Mikaelyan, Arman"]
[Black "Demidov, Mikhail"]
[Result "1/2-1/2"]
[WhiteTitle "IM"]
[BlackTitle "IM"]
[WhiteElo "2442"]
[BlackElo "2534"]
[WhiteFideId "13304852"]
[BlackFideId "4197143"]
[EventDate "2017.02.21"]

1. Nf3 d5 2. g3 c6 3. Bg2 Bg4 4. O-O Nd7 5. d3 e5 6. c4 dxc4 7. dxc4 Ngf6 8. Nc3
Be7 9. Qc2 O-O 10. h3 Bxf3 11. Bxf3 Qc7 12. b3 Nc5 13. Bb2 a5 14. Rad1 Rfe8 15.
e3 a4 16. Nxa4 Nxa4 17. bxa4 Qa5 18. Rb1 Bb4 19. Qb3 Qxa4 20. Bxe5 Qxb3 21. Rxb3
Rxe5 22. Rxb4 Re7 23. Rfb1 Ra7 24. a4 Kf8 25. c5 Rc7 26. Bd1 Ke7 27. e4 Nd7 28.
Rc4 Ra5 29. Rbc1 Ne5 30. R4c3 Rd7 31. Rb1 Ra7 32. Bc2 Rd2 33. Rb4 Kd8 34. Kf1
Kc7 35. Bb1 Rd1+ 36. Ke2 Rh1 37. h4 f6 38. Ba2 Ra1 39. Bb3 Rb1 40. Rd4 Rb2+ 41.
Bc2 Ra5 42. f4 Nd7 43. Rdc4 Ra2 44. Kf3 Ra1 45. Kg4 Rc1 46. h5 Rh1 47. Bb3 g6
48. hxg6 hxg6 49. Bc2 Rc1 50. Kf3 g5 51. Kg4 gxf4 52. gxf4 Rh1 53. Bb3 Ra8 54.
Rd4 Rah8 55. Be6 Nf8 56. Bf5 Rg8+ 57. Kf3 Rhg1 58. Rdd3 R8g3+ 59. Kf2 R3g2+ 60.
Ke3 Ra2 61. Kf3 Rag2 62. Rb3 Rg7 63. Ke3 Ng6 64. Bxg6 R1xg6 65. Kd4 Rd7+ 66. Kc4
Re7 67. Rd4 Rg1 68. Re3 Rc1+ 69. Kb4 Rb1+ 70. Ka3 Rf1 71. e5 fxe5 72. Rde4 Kd7
73. fxe5 Ke6 74. Rd4 Kf5 75. Rd8 Rc1 76. Kb4 Kf4 77. Re2 Kf3 78. Rdd2 Re6 79.
Rf2+ Ke3 80. Rfe2+ Kf3 81. Rb2 Kf4 82. Rf2+ Ke3 83. Rf5 Re7 84. Rh5 Kf4 85. Rf2+
Ke3 86. Rb2 Kf4 87. Ka5 Kg4 88. Rbh2 Rxc5+ 89. Kb6 Rc1 90. R2h4+ Kg3 91. Rb4 c5
92. Rb5 c4 93. Kc5 Rc7+ 94. Kb6 Re7 95. Rh8 Kf4 96. e6 c3 97. Rc8 Ke4 98. Rb4+
Kd3 99. a5 Kd2 100. Rd8+ Kc2 101. Re4 Rd1 102. Rh8 Kb3 103. Rh3 Rd6+ 104. Kb5
Rexe6 105. Rb4+ Kc2 106. Ka4 Re7 107. Rc4 Rd3 108. Rh2+ Rd2 109. Rh3 Rd3 110.
Rh2+ Kc1 111. Kb3 c2+ 112. Ka2 Rd2 113. Rh1+ Rd1 114. Rh2 Rd2 115. Rh1+ Rd1 1/2-1/2